[Event "FIDE Womens Grand Swiss 2021"]
[Site "Riga"]
[Date "2021.10.27"]
[Round "1.8"]
[White "Kashlinskaya, Alina"]
[Black "Sargsyan, Anna M."]
[Result "0-1"]
[WhiteElo "2493"]
[BlackElo "2402"]
[Annotator "ChessBase"]
[PlyCount "116"]
[EventDate "2021.10.27"]
[EventType "swiss"]
[EventCountry "LAT"]
[Tiebreak "Cut1 Buchholz+Sonneborn-Berger (Swiss)"]
[SourceTitle "playchess.com"]
[Source "ChessBase"]
[SourceQuality "1"]
[TimeControl "40/6000+30:20/3000+30:900+30"]

1. d4 {[%emt 0:10:05]} d5 {[%emt 0:10:11]} 2. c4 {[%emt 0:00:06]} c6 {[%emt 0:
00:11]} 3. Nf3 {[%emt 0:00:09]} Nf6 {[%emt 0:00:08]} 4. Nc3 {[%emt 0:00:04]}
dxc4 {[%emt 0:00:10]} 5. a4 {[%emt 0:00:12]} Bf5 {[%emt 0:00:07]} 6. Ne5 {
[%emt 0:00:11]} Nbd7 {[%emt 0:00:12]} 7. Nxc4 {[%emt 0:00:18]} Qc7 {[%emt 0:02:
27]} 8. g3 {[%emt 0:00:15]} e5 {[%emt 0:00:09]} 9. dxe5 {[%emt 0:00:05]} Nxe5 {
[%emt 0:00:07]} 10. Bf4 {[%emt 0:00:13]} Nfd7 {[%emt 0:00:15]} 11. Qc1 {
[%emt 0:00:26]} f6 {[%emt 0:04:36]} 12. Bg2 {[%emt 0:00:23]} Be6 {[%emt 0:02:
14]} 13. Nxe5 {[%emt 0:00:22]} fxe5 {[%emt 0:00:13]} 14. Be3 {[%emt 0:00:18]}
Bb4 {[%emt 0:05:43]} 15. O-O {[%emt 0:02:25]} Qa5 {[%emt 0:01:41]} 16. Ne4 {
[%emt 0:04:40]} O-O {[%emt 0:01:15]} 17. Qc2 {[%emt 0:04:23]} Bd5 {[%emt 0:12:
49]} 18. Rfd1 {[%emt 0:12:01]} Kh8 {[%emt 0:06:04]} 19. Rd3 {[%emt 0:23:31]}
Nf6 {[%emt 0:09:55]} 20. Nxf6 {[%emt 0:00:37]} Rxf6 {[%emt 0:01:57]} 21. Rad1 {
[%emt 0:01:04]} Be6 {[%emt 0:08:49]} 22. Be4 {[%emt 0:02:33]} h6 {[%emt 0:01:
45]} 23. Kg2 {[%emt 0:10:22]} Raf8 {[%emt 0:00:45]} 24. f3 {[%emt 0:00:35]} Rc8
{[%emt 0:08:34]} 25. h4 {[%emt 0:02:11]} b5 {[%emt 0:02:09]} 26. Bc5 {[%emt 0:
08:18]} bxa4 {[%emt 0:08:09]} 27. Bxb4 {[%emt 0:00:16]} Qxb4 {[%emt 0:00:12]}
28. Rd8+ {[%emt 0:00:32]} Rf8 {[%emt 0:00:10]} 29. Rxf8+ {[%emt 0:00:40]} Rxf8
{[%emt 0:00:26]} 30. Bxc6 {[%emt 0:13:37]} Bb3 {[%emt 0:04:47]} 31. Qd2 {
[%emt 0:00:42]} Qb6 {[%emt 0:01:52]} 32. Rc1 {[%emt 0:00:31]} Rd8 {[%emt 0:03:
03]} 33. Qc3 {[%emt 0:01:30]} Rc8 {[%emt 0:08:02]} 34. Qxe5 {[%emt 0:04:41]}
Bg8 {[%emt 0:00:06]} 35. Bd5 {[%emt 0:05:34]} Rxc1 {[%emt 0:00:55]} 36. Qe8 {
[%emt 0:00:02]} Rg1+ {[%emt 0:00:24]} 37. Kh3 {[%emt 0:00:02]} Rxg3+ {[%emt 0:
00:12]} 38. Kxg3 {[%emt 0:00:14]} Qd6+ {[%emt 0:00:05]} 39. Kf2 {[%emt 0:02:47]
} Qxd5 {[%emt 0:00:11]} 40. Qxa4 {[%emt 0:00:06]} a5 {[%emt 0:00:17]} 41. Kf1 {
[%emt 0:51:36]} Bf7 {[%emt 0:51:20]} 42. Qf4 {[%emt 0:00:55]} Bg6 {[%emt 0:00:
16]} 43. Qa4 {[%emt 0:00:00]} Kh7 {[%emt 0:00:00]} 44. b4 {[%emt 0:00:00]} Qc4
{[%emt 0:00:00]} 45. Qxa5 {[%emt 0:00:00]} Qxh4 {[%emt 0:00:00]} 46. b5 {
[%emt 0:00:00]} Bf5 {[%emt 0:00:00]} 47. e4 {[%emt 0:00:00]} Bh3+ {[%emt 0:00:
00]} 48. Ke2 {[%emt 0:00:00]} Qg5 {[%emt 0:00:00]} 49. Qb4 {[%emt 0:00:00]}
Qg2+ {[%emt 0:00:00]} 50. Ke3 {[%emt 0:00:00]} Qg1+ {[%emt 0:00:00]} 51. Kd2 {
[%emt 0:00:00]} Qf2+ {[%emt 0:00:00]} 52. Kc1 {[%emt 0:00:00]} Qb6 {[%emt 0:00:
00]} 53. e5 {[%emt 0:00:00]} Qe3+ {[%emt 0:00:00]} 54. Kb1 {[%emt 0:00:00]}
Bf5+ {[%emt 0:00:00]} 55. Ka2 {[%emt 0:00:00]} Qe2+ {[%emt 0:00:00]} 56. Ka3 {
[%emt 0:00:00]} Qxf3+ {[%emt 0:00:00]} 57. Ka4 {[%emt 0:00:00]} Qa8+ {[%emt 0:
00:00]} 58. Kb3 {[%emt 0:00:00]} Qd5+ {[%emt 0:00:00]} 0-1

[Event "FIDE Womens Grand Swiss 2021"]
[Site "Riga"]
[Date "2021.10.27"]
[Round "1.9"]
[White "Assaubayeva, Bibisara"]
[Black "Saduakassova, Dinara"]
[Result "1/2-1/2"]
[WhiteElo "2400"]
[BlackElo "2491"]
[Annotator "ChessBase"]
[PlyCount "85"]
[EventDate "2021.10.27"]
[EventType "swiss"]
[EventCountry "LAT"]
[Tiebreak "Cut1 Buchholz+Sonneborn-Berger (Swiss)"]
[SourceTitle "playchess.com"]
[Source "ChessBase"]
[SourceQuality "1"]
[TimeControl "40/6000+30:20/3000+30:900+30"]

1. d4 {[%emt 0:10:08]} Nf6 {[%emt 0:10:05]} 2. c4 {[%emt 0:00:08]} e6 {[%emt 0:
00:04]} 3. Nf3 {[%emt 0:00:07]} b6 {[%emt 0:00:03]} 4. a3 {[%emt 0:00:27]} Bb7
{[%emt 0:00:12]} 5. Nc3 {[%emt 0:00:07]} d5 {[%emt 0:00:04]} 6. cxd5 {[%emt 0:
00:30]} Nxd5 {[%emt 0:00:05]} 7. Qc2 {[%emt 0:00:25]} Nxc3 {[%emt 0:00:06]} 8.
bxc3 {[%emt 0:00:13]} c5 {[%emt 0:00:18]} 9. e4 {[%emt 0:00:38]} Nd7 {[%emt 0:
00:21]} 10. Bd3 {[%emt 0:01:48]} Qc7 {[%emt 0:00:18]} 11. Qb1 {[%emt 0:04:55]}
Be7 {[%emt 0:03:01]} 12. O-O {[%emt 0:00:40]} O-O {[%emt 0:03:10]} 13. Re1 {
[%emt 0:02:45]} Rac8 {[%emt 0:11:22]} 14. Ra2 {[%emt 0:05:09]} h6 {[%emt 0:12:
54]} 15. a4 {[%emt 0:05:29]} Rfd8 {[%emt 0:10:27]} 16. Rae2 {[%emt 0:09:15]}
Nf8 {[%emt 0:08:41]} 17. g3 {[%emt 0:09:05]} Nd7 {[%emt 0:10:12]} 18. a5 {
[%emt 0:09:18]} e5 {[%emt 0:04:49]} 19. axb6 {[%emt 0:06:11]} axb6 {[%emt 0:00:
18]} 20. dxe5 {[%emt 0:03:14]} c4 {[%emt 0:17:40]} 21. Bc2 {[%emt 0:00:44]} Bc5
{[%emt 0:02:38]} 22. Bf4 {[%emt 0:07:46]} g5 {[%emt 0:00:17]} 23. Be3 {[%emt 0:
06:08]} Re8 {[%emt 0:03:34]} 24. Bd4 {[%emt 0:06:30]} g4 {[%emt 0:02:02]} 25.
Nh4 {[%emt 0:02:14]} Nxe5 {[%emt 0:00:08]} 26. h3 {[%emt 0:03:15]} Rcd8 {
[%emt 0:03:40]} 27. Qc1 {[%emt 0:02:44]} Re6 {[%emt 0:00:27]} 28. Qe3 {[%emt 0:
04:45]} Be7 {[%emt 0:02:18]} 29. Bxe5 {[%emt 0:02:06]} Qxe5 {[%emt 0:00:12]}
30. hxg4 {[%emt 0:00:26]} Bxh4 {[%emt 0:03:16]} 31. gxh4 {[%emt 0:00:01]} Rg6 {
[%emt 0:00:06]} 32. f3 {[%emt 0:02:15]} Qg3+ {[%emt 0:00:41]} 33. Rg2 {[%emt 0:
00:01]} Qxh4 {[%emt 0:00:24]} 34. Rb1 {[%emt 0:02:24]} Qf6 {[%emt 0:01:53]} 35.
e5 {[%emt 0:01:59]} Qxf3 {[%emt 0:00:47]} 36. Qxf3 {[%emt 0:00:05]} Bxf3 {
[%emt 0:00:03]} 37. Bxg6 {[%emt 0:00:07]} Bxg2 {[%emt 0:00:11]} 38. Kxg2 {
[%emt 0:00:11]} fxg6 {[%emt 0:00:08]} 39. Rxb6 {[%emt 0:00:03]} Kf7 {[%emt 0:
01:02]} 40. Rf6+ {[%emt 0:00:23]} Kg7 {[%emt 0:00:08]} 41. Rc6 {[%emt 0:50:12]}
Rd5 {[%emt 0:51:47]} 42. Rc7+ {[%emt 0:00:54]} Kf8 {[%emt 0:00:00]} 43. Rxc4 {
[%emt 0:00:00]} 1/2-1/2

[Event "FIDE Womens Grand Swiss 2021"]
[Site "Riga"]
[Date "2021.10.27"]
[Round "1.10"]
[White "Batsiashvili, Nino"]
[Black "Socko, Monika"]
[Result "1-0"]
[WhiteElo "2484"]
[BlackElo "2397"]
[Annotator "ChessBase"]
[PlyCount "101"]
[EventDate "2021.10.27"]
[EventType "swiss"]
[EventCountry "LAT"]
[Tiebreak "Cut1 Buchholz+Sonneborn-Berger (Swiss)"]
[SourceTitle "playchess.com"]
[Source "ChessBase"]
[SourceQuality "1"]
[TimeControl "40/6000+30:20/3000+30:900+30"]

1. Nf3 {[%emt 0:10:03]} Nf6 {[%emt 0:11:19]} 2. c4 {[%emt 0:00:22]} e6 {
[%emt 0:02:28]} 3. Nc3 {[%emt 0:00:31]} Bb4 {[%emt 0:03:04]} 4. Qc2 {[%emt 0:
00:23]} O-O {[%emt 0:02:34]} 5. a3 {[%emt 0:00:05]} Bxc3 {[%emt 0:02:30]} 6.
Qxc3 {[%emt 0:00:01]} d6 {[%emt 0:04:21]} 7. b4 {[%emt 0:02:17]} b6 {[%emt 0:
01:01]} 8. Bb2 {[%emt 0:05:03]} Bb7 {[%emt 0:00:39]} 9. e3 {[%emt 0:01:39]}
Nbd7 {[%emt 0:00:59]} 10. Be2 {[%emt 0:00:16]} c5 {[%emt 0:01:20]} 11. O-O {
[%emt 0:02:27]} Qe7 {[%emt 0:02:14]} 12. Rfd1 {[%emt 0:01:31]} Rac8 {[%emt 0:
01:24]} 13. d4 {[%emt 0:08:16]} Ne4 {[%emt 0:05:43]} 14. Qe1 {[%emt 0:10:13]}
Ndf6 {[%emt 0:04:00]} 15. Nd2 {[%emt 0:01:58]} Nxd2 {[%emt 0:03:11]} 16. Qxd2 {
[%emt 0:02:52]} Ne4 {[%emt 0:02:51]} 17. Qe1 {[%emt 0:00:05]} Qg5 {[%emt 0:03:
51]} 18. Bf1 {[%emt 0:02:12]} cxd4 {[%emt 0:07:24]} 19. exd4 {[%emt 0:16:31]}
Nf6 {[%emt 0:10:28]} 20. Rd3 {[%emt 0:04:39]} Nh5 {[%emt 0:03:35]} 21. Rc1 {
[%emt 0:03:38]} Rfe8 {[%emt 0:00:19]} 22. Re3 {[%emt 0:02:23]} Nf4 {[%emt 0:04:
22]} 23. Rg3 {[%emt 0:04:28]} Qf6 {[%emt 0:02:25]} 24. Qd2 {[%emt 0:01:08]} e5
{[%emt 0:03:57]} 25. a4 {[%emt 0:01:33]} Nh5 {[%emt 0:06:42]} 26. Ra3 {[%emt 0:
00:46]} Rc7 {[%emt 0:04:28]} 27. a5 {[%emt 0:03:08]} Nf4 {[%emt 0:02:42]} 28.
d5 {[%emt 0:13:32]} Qg5 {[%emt 0:04:53]} 29. Qd1 {[%emt 0:00:28]} Rec8 {
[%emt 0:01:31]} 30. Rg3 {[%emt 0:02:43]} Qh6 {[%emt 0:00:50]} 31. axb6 {
[%emt 0:00:57]} axb6 {[%emt 0:00:05]} 32. Rcc3 {[%emt 0:00:10]} b5 {[%emt 0:01:
09]} 33. c5 {[%emt 0:03:19]} Bxd5 {[%emt 0:01:45]} 34. Bc1 {[%emt 0:01:07]} Bb7
{[%emt 0:02:11]} 35. Bxb5 {[%emt 0:00:09]} dxc5 {[%emt 0:01:26]} 36. Rxc5 {
[%emt 0:00:22]} Qf6 {[%emt 0:00:57]} 37. Rxc7 {[%emt 0:02:10]} Rxc7 {[%emt 0:
00:01]} 38. Bf1 {[%emt 0:00:10]} h5 {[%emt 0:01:12]} 39. Bb2 {[%emt 0:01:39]}
h4 {[%emt 0:02:13]} 40. Bxe5 {[%emt 0:00:19]} Qxe5 {[%emt 0:00:44]} 41. Qd8+ {
[%emt 0:50:06]} Kh7 {[%emt 0:50:01]} 42. Qxh4+ {[%emt 0:00:07]} Kg8 {[%emt 0:
00:00]} 43. Qd8+ {[%emt 0:00:00]} Kh7 {[%emt 0:00:00]} 44. Re3 {[%emt 0:00:00]}
Ne2+ {[%emt 0:00:00]} 45. Rxe2 {[%emt 0:00:00]} Qf4 {[%emt 0:00:00]} 46. Qd3+ {
[%emt 0:00:00]} g6 {[%emt 0:00:00]} 47. Qh3+ {[%emt 0:00:00]} Kg7 {[%emt 0:00:
00]} 48. Re8 {[%emt 0:00:00]} g5 {[%emt 0:00:00]} 49. Qh8+ {[%emt 0:00:00]} Kg6
{[%emt 0:00:00]} 50. Bd3+ {[%emt 0:00:00]} Be4 {[%emt 0:00:00]} 51. Rxe4 {
[%emt 0:00:00]} 1-0

[Event "FIDE Womens Grand Swiss 2021"]
[Site "Riga"]
[Date "2021.10.27"]
[Round "1.11"]
[White "Bivol, Alina"]
[Black "Stefanova, Antoaneta"]
[Result "1/2-1/2"]
[WhiteElo "2392"]
[BlackElo "2475"]
[Annotator "TA"]
[PlyCount "60"]
[EventDate "2021.10.27"]
[EventType "swiss"]
[EventCountry "LAT"]
[Tiebreak "Cut1 Buchholz+Sonneborn-Berger (Swiss)"]
[SourceTitle "playchess.com"]
[Source "ChessBase"]
[SourceQuality "1"]

{[%evp 9,60,18,53,36,41,31,41,36,50,52,64,48,54,43,37,33,57,23,17,10,14,2,0,0,
17,0,2,0,4,0,13,0,3,3,8,0,0,0,0,0,3,4,6,0,0,0,0,0,0,0,0,0,0]} 1. e4 e5 2. Nf3
Nc6 3. d4 exd4 4. Nxd4 Bb4+ 5. c3 Be7 6. Be2 {C45: Scotch Game.} Nf6 7. Nxc6
bxc6 8. e5 {White is slightly better.} Ne4 9. Qc2 {[#]} d5 $146 ({Predecessor:
} 9... Nc5 10. b4 Nb7 11. O-O O-O 12. Bd3 h6 13. f4 d6 14. Nd2 c5 15. b5 dxe5
16. fxe5 {1-0 (35) Lalic,S (2405)-Costagliola,M (2300) London 1997}) 10. exd6
Nxd6 11. O-O O-O 12. Nd2 c5 13. Nc4 Nxc4 14. Bxc4 {The position is equal.} Bd6
15. f4 Bb7 16. Be3 Qh4 17. Qf2 Qxf2+ 18. Bxf2 (18. Rxf2 {is more complex.} a5
19. a4 Rfe8 20. Bd2 Rad8 21. b3) 18... Rfe8 19. Rfe1 Kf8 20. Rad1 Rab8 21.
Rxe8+ Rxe8 22. Bd5 Bxd5 23. Rxd5 Re2 24. Bxc5 Bxc5+ 25. Rxc5 Rxb2 26. Rxc7 Rxa2
$11 {KR-KR} 27. c4 a5 28. Ra7 Rc2 29. Rxa5 Rxc4 30. g3 Rc2 {Weighted Error
Value: White=0.06/Black=0.05} 1/2-1/2

[Event "FIDE Womens Grand Swiss 2021"]
[Site "Riga"]
[Date "2021.10.27"]
[Round "1.12"]
[White "Paehtz, Elisabeth"]
[Black "Cori T., Deysi"]
[Result "1-0"]
[WhiteElo "2475"]
[BlackElo "2382"]
[Annotator "ChessBase"]
[PlyCount "143"]
[EventDate "2021.10.27"]
[EventType "swiss"]
[EventCountry "LAT"]
[Tiebreak "Cut1 Buchholz+Sonneborn-Berger (Swiss)"]
[SourceTitle "playchess.com"]
[Source "ChessBase"]
[SourceQuality "1"]
[TimeControl "40/6000+30:20/3000+30:900+30"]

1. d4 {[%emt 0:10:03]} f5 {[%emt 0:10:56]} 2. g3 {[%emt 0:02:18]} d6 {[%emt 0:
02:26]} 3. Bg2 {[%emt 0:01:42]} Nf6 {[%emt 0:00:26]} 4. Nf3 {[%emt 0:03:44]} g6
{[%emt 0:01:47]} 5. O-O {[%emt 0:00:06]} Bg7 {[%emt 0:00:02]} 6. b3 {[%emt 0:
00:17]} O-O {[%emt 0:00:50]} 7. Bb2 {[%emt 0:00:04]} c6 {[%emt 0:04:05]} 8.
Nbd2 {[%emt 0:02:05]} Na6 {[%emt 0:14:00]} 9. c4 {[%emt 0:15:53]} e5 {[%emt 0:
03:19]} 10. dxe5 {[%emt 0:00:24]} Nd7 {[%emt 0:00:44]} 11. Qc2 {[%emt 0:09:46]}
dxe5 {[%emt 0:05:51]} 12. e4 {[%emt 0:00:57]} Nb4 {[%emt 0:05:14]} 13. Qc3 {
[%emt 0:12:24]} c5 {[%emt 0:00:29]} 14. exf5 {[%emt 0:08:07]} gxf5 {[%emt 0:00:
18]} 15. Nh4 {[%emt 0:02:52]} Rf7 {[%emt 0:20:19]} 16. Qe3 {[%emt 0:00:58]} Nf6
{[%emt 0:04:36]} 17. Rad1 {[%emt 0:08:34]} Ng4 {[%emt 0:04:09]} 18. Qe2 {
[%emt 0:23:52]} Qd3 {[%emt 0:01:48]} 19. Bf3 {[%emt 0:00:13]} Bd7 {[%emt 0:16:
31]} 20. a3 {[%emt 0:02:07]} Qxe2 {[%emt 0:01:40]} 21. Bxe2 {[%emt 0:00:03]}
Nc2 {[%emt 0:03:29]} 22. Bf3 {[%emt 0:03:32]} Bc6 {[%emt 0:01:50]} 23. Bxc6 {
[%emt 0:00:49]} bxc6 {[%emt 0:00:01]} 24. h3 {[%emt 0:00:04]} Nh6 {[%emt 0:00:
11]} 25. Ndf3 {[%emt 0:00:38]} e4 {[%emt 0:02:36]} 26. Bxg7 {[%emt 0:00:04]}
Rxg7 {[%emt 0:00:28]} 27. Rd2 {[%emt 0:00:14]} Nxa3 {[%emt 0:01:48]} 28. Ne5 {
[%emt 0:00:37]} Re7 {[%emt 0:03:09]} 29. Nxc6 {[%emt 0:01:12]} Re6 {[%emt 0:00:
21]} 30. Na5 {[%emt 0:00:17]} e3 {[%emt 0:01:00]} 31. Ra2 {[%emt 0:00:23]} Rd8
{[%emt 0:00:49]} 32. Rxa3 {[%emt 0:00:32]} f4 {[%emt 0:00:35]} 33. fxe3 {
[%emt 0:00:48]} Rxe3 {[%emt 0:00:01]} 34. Ra2 {[%emt 0:00:07]} fxg3 {[%emt 0:
00:18]} 35. Kg2 {[%emt 0:00:57]} Rd4 {[%emt 0:01:20]} 36. Nf5 {[%emt 0:00:31]}
Nxf5 {[%emt 0:00:06]} 37. Rxf5 {[%emt 0:00:03]} Rd1 {[%emt 0:00:34]} 38. Rg5+ {
[%emt 0:00:13]} Kh8 {[%emt 0:00:15]} 39. Rxg3 {[%emt 0:00:13]} Ree1 {[%emt 0:
00:01]} 40. Rg4 {[%emt 0:01:38]} h5 {[%emt 0:00:01]} 41. Rf4 {[%emt 0:24:49]}
Rg1+ {[%emt 0:22:51]} 42. Kf3 {[%emt 0:03:00]} Rd3+ {[%emt 0:00:32]} 43. Ke4 {
[%emt 0:01:35]} Rd4+ {[%emt 0:00:19]} 44. Kf5 {[%emt 0:05:03]} Rd8 {[%emt 0:00:
10]} 45. Re2 {[%emt 0:03:50]} Rg3 {[%emt 0:02:59]} 46. Re5 {[%emt 0:02:24]} Kg7
{[%emt 0:01:03]} 47. Rxc5 {[%emt 0:01:11]} a6 {[%emt 0:02:21]} 48. Ke4 {
[%emt 0:02:48]} Rxh3 {[%emt 0:00:27]} 49. Rd5 {[%emt 0:01:02]} Re8+ {[%emt 0:
00:25]} 50. Kd4 {[%emt 0:00:07]} Kg6 {[%emt 0:01:13]} 51. c5 {[%emt 0:02:10]}
Rh1 {[%emt 0:02:51]} 52. c6 {[%emt 0:00:47]} Rb8 {[%emt 0:01:06]} 53. Nb7 {
[%emt 0:02:21]} h4 {[%emt 0:01:01]} 54. Rg4+ {[%emt 0:00:59]} Kf6 {[%emt 0:01:
36]} 55. Rh5 {[%emt 0:00:46]} h3 {[%emt 0:00:19]} 56. Rgh4 {[%emt 0:00:13]} Rc8
{[%emt 0:02:03]} 57. Rxh3 {[%emt 0:01:24]} Rd1+ {[%emt 0:00:06]} 58. Rd3 {
[%emt 0:00:23]} Rc1 {[%emt 0:00:09]} 59. Nc5 {[%emt 0:01:22]} Ke7 {[%emt 0:00:
46]} 60. Rh7+ {[%emt 0:01:16]} Kd6 {[%emt 0:00:36]} 61. Rh6+ {[%emt 0:15:30]}
Kc7 {[%emt 0:15:09]} 62. Nxa6+ {[%emt 0:00:15]} Kb6 {[%emt 0:00:01]} 63. Nb4 {
[%emt 0:00:07]} Kb5 {[%emt 0:00:26]} 64. Nd5 {[%emt 0:00:43]} Rd8 {[%emt 0:02:
40]} 65. Re6 {[%emt 0:01:15]} Rc2 {[%emt 0:01:34]} 66. Ke4 {[%emt 0:01:14]} Rh8
{[%emt 0:01:16]} 67. c7 {[%emt 0:00:26]} Rh4+ {[%emt 0:00:36]} 68. Ke5 {
[%emt 0:00:29]} Rh5+ {[%emt 0:01:44]} 69. Kd4 {[%emt 0:00:11]} Rh4+ {[%emt 0:
01:42]} 70. Re4 {[%emt 0:00:04]} Rh8 {[%emt 0:00:03]} 71. Rc3 {[%emt 0:00:36]}
Rd2+ {[%emt 0:00:21]} 72. Ke3 {[%emt 0:00:30]} 1-0

[Event "FIDE Womens Grand Swiss 2021"]
[Site "Riga"]
[Date "2021.10.27"]
[Round "1.13"]
[White "Houska, Jovanka"]
[Black "Pogonina, Natalija"]
[Result "0-1"]
[WhiteElo "2381"]
[BlackElo "2467"]
[Annotator "ChessBase"]
[PlyCount "82"]
[EventDate "2021.10.27"]
[EventType "swiss"]
[EventCountry "LAT"]
[Tiebreak "Cut1 Buchholz+Sonneborn-Berger (Swiss)"]
[SourceTitle "playchess.com"]
[Source "ChessBase"]
[SourceQuality "1"]
[TimeControl "40/6000+30:20/3000+30:900+30"]

1. d4 {[%emt 0:10:04]} Nf6 {[%emt 0:10:05]} 2. Nf3 {[%emt 0:00:05]} d5 {
[%emt 0:00:24]} 3. c4 {[%emt 0:00:28]} e6 {[%emt 0:00:10]} 4. Nc3 {[%emt 0:00:
05]} Nbd7 {[%emt 0:01:29]} 5. Bf4 {[%emt 0:04:22]} dxc4 {[%emt 0:00:59]} 6. e3
{[%emt 0:00:27]} Bd6 {[%emt 0:00:55]} 7. Bg3 {[%emt 0:01:34]} Nb6 {[%emt 0:08:
28]} 8. Nd2 {[%emt 0:05:49]} Bd7 {[%emt 0:07:56]} 9. Nxc4 {[%emt 0:08:38]} Nxc4
{[%emt 0:09:25]} 10. Bxc4 {[%emt 0:00:06]} Bxg3 {[%emt 0:00:11]} 11. hxg3 {
[%emt 0:00:16]} Bc6 {[%emt 0:00:37]} 12. f3 {[%emt 0:05:15]} Qd6 {[%emt 0:05:
00]} 13. Kf2 {[%emt 0:03:04]} O-O-O {[%emt 0:04:19]} 14. Qc2 {[%emt 0:03:48]}
h5 {[%emt 0:04:04]} 15. Rac1 {[%emt 0:15:25]} Kb8 {[%emt 0:01:31]} 16. Bb5 {
[%emt 0:03:58]} Bd7 {[%emt 0:05:11]} 17. Bxd7 {[%emt 0:19:06]} Rxd7 {[%emt 0:
02:37]} 18. Nb5 {[%emt 0:03:10]} Qa6 {[%emt 0:09:42]} 19. Na3 {[%emt 0:05:50]}
Rc8 {[%emt 0:05:32]} 20. Qe2 {[%emt 0:00:18]} Qd6 {[%emt 0:04:59]} 21. Nc4 {
[%emt 0:01:48]} Qe7 {[%emt 0:00:43]} 22. Ne5 {[%emt 0:00:45]} Rd5 {[%emt 0:00:
23]} 23. b4 {[%emt 0:01:06]} Nd7 {[%emt 0:03:12]} 24. Nd3 {[%emt 0:01:14]} g6 {
[%emt 0:01:45]} 25. Rhd1 {[%emt 0:10:10]} h4 {[%emt 0:03:05]} 26. g4 {[%emt 0:
00:04]} e5 {[%emt 0:03:22]} 27. dxe5 {[%emt 0:01:24]} Nxe5 {[%emt 0:00:32]} 28.
Nc5 {[%emt 0:00:47]} Rcd8 {[%emt 0:08:59]} 29. f4 {[%emt 0:00:50]} Rxd1 {
[%emt 0:05:01]} 30. Rxd1 {[%emt 0:00:04]} Rxd1 {[%emt 0:00:12]} 31. Qxd1 {
[%emt 0:00:04]} Nc4 {[%emt 0:00:52]} 32. Qd4 {[%emt 0:01:33]} Nd6 {[%emt 0:00:
05]} 33. Qh8+ {[%emt 0:01:41]} Nc8 {[%emt 0:00:05]} 34. g5 {[%emt 0:01:03]} b6
{[%emt 0:01:44]} 35. Nd3 {[%emt 0:00:04]} Qe6 {[%emt 0:00:48]} 36. Qd8 {
[%emt 0:03:24]} Qxa2+ {[%emt 0:01:17]} 37. Kf3 {[%emt 0:00:03]} Kb7 {[%emt 0:
01:35]} 38. Ne5 {[%emt 0:00:31]} Nd6 {[%emt 0:00:47]} 39. Qd7 {[%emt 0:01:05]}
Qd5+ {[%emt 0:00:59]} 40. Kf2 {[%emt 0:00:06]} Qd2+ {[%emt 0:00:46]} 41. Kf1 {
[%emt 0:28:38]} Qd1+ {[%emt 0:20:16]} 0-1

[Event "FIDE Womens Grand Swiss 2021"]
[Site "Riga"]
[Date "2021.10.27"]
[Round "1.14"]
[White "Gunina, Valentina"]
[Black "Hoang, Thanh Trang"]
[Result "1-0"]
[WhiteElo "2462"]
[BlackElo "2380"]
[Annotator "TA"]
[PlyCount "63"]
[EventDate "2021.10.27"]
[EventType "swiss"]
[EventCountry "LAT"]
[Tiebreak "Cut1 Buchholz+Sonneborn-Berger (Swiss)"]
[SourceTitle "playchess.com"]
[Source "ChessBase"]
[SourceQuality "1"]

{[%evp 14,63,29,29,24,8,21,11,23,29,25,10,46,0,35,9,18,14,74,55,64,75,126,125,
130,136,210,205,281,113,197,116,115,113,193,195,390,395,2061,1970,1795,542,542,
538,1439,1420,1389,1392,1371,1338,1407,1369]} 1. e4 e6 2. d4 d5 3. Nc3 Nf6 4.
Bg5 Be7 5. e5 Nfd7 6. h4 h6 {The modern move.} 7. Bxe7 Qxe7 8. f4 a6 {C14:
French: Classical System: 4 Bg5 Be7 main line.} 9. Nf3 c5 10. Qd2 Nc6 {The
position is equal.} 11. Ne2 b5 12. g4 Bb7 {[#]} 13. a3 $146 ({Predecessor:} 13.
c3 cxd4 14. cxd4 Rc8 15. Rc1 Nb6 16. b3 Qb4 17. f5 Qxd2+ 18. Kxd2 Ne7 19. Bh3 {
1-0 (30) Saric,I (2662)-Vrolijk,L (2422) Germany 2017}) 13... Rc8 14. Bg2 Nb6
15. b3 a5 (15... cxd4 $11 {keeps the balance.} 16. Nfxd4 Nxd4 17. Nxd4 Nd7) 16.
f5 $16 exf5 17. gxf5 cxd4 (17... Nd7 $142) 18. f6 $1 {[%cal Rf6e7]} gxf6 19.
exf6 Qxf6 (19... Qc5 $16) 20. O-O $1 $18 O-O 21. Nexd4 (21. Nfxd4 $18 {is the
precise move to win.} Qg6 22. Rf3) 21... Nd7 (21... Rce8 $16 {was called for.})
22. Nxc6 (22. Rae1 $1 $18) 22... Qxc6 $16 23. Nd4 Qb6 (23... Qg6 $16) 24. Kh1
$1 $18 {[%mdl 1024] White has strong compensation.} Kh8 $2 (24... Nf6 {is a
better defense.}) 25. Bh3 Rcd8 $2 {[#]} (25... Rce8 26. Bxd7 Re4) 26. Be6 $1 {
[%mdl 512] White is clearly winning.} Kh7 {[#]} 27. Bf5+ (27. Rf6 $142 $3 {
[%mdl 512]} Nxf6 28. Bf5+ Kg8 29. Rg1+ Ng4 30. Rxg4+ Kh8 {[#]} 31. Bg6 $1 {
[%mdl 512]} fxg6 32. Qxh6+ {[%mdl 64] Double Attack} Kg8 33. Rxg6+ Qxg6 34.
Qxg6+ Kh8 35. Qh6+ Kg8 36. Ne6) 27... Kh8 {[#]} 28. Ne6 $1 {[%mdl 512]} d4+ (
28... Qe3 29. Qxe3) 29. Kh2 Qd6+ 30. Kh3 Bg2+ 31. Qxg2 {[%csl Ge6][%cal Rg2g7]}
({Less strong is} 31. Kxg2 Rg8+ 32. Kh1 Qd5+ 33. Kh2 Qe5+ 34. Rf4 (34. Kh1 Qd5+
35. Kh2 Qe5+ 36. Rf4 fxe6 $16) 34... fxe6 $16) 31... fxe6 {[#]} 32. Qg6 $1 {
[%csl Gf5,LRe6,LRh6][%cal Rg6h7][%mdl 64] Double Attack.  Weighted Error Value:
White=0.31/Black=0.48} 1-0